Songs Played On The Eras Tour - Statistics

General Stats
  • This quiz has been taken 116 times
    114 since last reset
  • The average score is 40 of 44
Answer Stats
Answer % Correct
22
98%
Lover
98%
Cruel Summer
97%
Miss Americana & The Heartbreak Prince | MAATHP
96%
We Are Never Ever Getting Back Together | WANEGBT
96%
Don't Blame Me
95%
The Man
95%
All Too Well
94%
Fearless
94%
I Knew You Were Trouble | IKYWT
94%
Karma
94%
...Ready For It?
94%
You Belong With Me | YBWM
94%
Delicate
93%
Fortnight
93%
Look What You Made Me Do | LWYMMD
93%
Cardigan
92%
Love Story
92%
You Need To Calm Down | YNTCD
92%
Lavender Haze
91%
Willow
91%
Anti-Hero
90%
August
90%
Betty
90%
Blank Space
90%
Enchanted
90%
Midnight Rain
89%
So High School
89%
Who's Afraid Of Little Old Me | WAOLOM
89%
Bejeweled
88%
Marjorie
88%
Shake It Off
88%
Vigilante Shit
88%
Illicit Affairs
86%
Style
86%
The Smallest Man Who Ever Lived | TSMWEL
86%
Wildest Dreams
86%
Champagne Problems
84%
Down Bad
84%
I Can Do It With A Broken Heart | ICDIWABH
84%
Bad Blood
83%
My Tears Ricochet
82%
Mastermind
81%
But Daddy I Love Him | BDILH
80%
No matching quizzes found
Score Distribution
Percent of People with Each Score
Percentile by Number Answered
Your Score History
You have not taken this quiz since the last reset